| 000 | 00504nam a2200157Ia 4500 | ||
|---|---|---|---|
| 005 | 20240925010921.0 | ||
| 008 | 240331s9999 xx 000 0 und d | ||
| 020 | _a0415073065 | ||
| 082 |
_bGOO _a792 |
||
| 100 | _aGoodman, L | ||
| 245 | 0 |
_aContemporary feminist theatres : _bto each her own |
|
| 260 |
_aLondon _bRoutledge _c1993 |
||
| 300 | _axiii, 313 p ., | ||
| 500 | _aContemporary Feminist Theatres is the first full evaluation of the forms feminism has taken in the theatre since 1968. | ||
| 942 | _cL | ||
| 999 |
_c3071 _d3071 |
||